00261nam a2200109Ia 4500008004100000082001700041100001900058245002400077260002700101300000800128650001500136191201s1972 xx 000 0 und d a677.054bSET aSEYDEL, paul V 0aTextile Warp Sizing aN.Delhiblong C.c1972 a290 aB.Tech(TE)